<?xml version="1.0" encoding="UTF-8"?><?xml-stylesheet type="text/xsl" href="static/style.xsl"?><OAI-PMH xmlns="http://www.openarchives.org/OAI/2.0/" xmlns:xsi="http://www.w3.org/2001/XMLSchema-instance" xsi:schemaLocation="http://www.openarchives.org/OAI/2.0/ http://www.openarchives.org/OAI/2.0/OAI-PMH.xsd"><responseDate>2026-04-27T22:12:30Z</responseDate><request verb="GetRecord" identifier="oai:riubu.ubu.es:10259/10256" metadataPrefix="marc">https://riubu.ubu.es/oai/request</request><GetRecord><record><header><identifier>oai:riubu.ubu.es:10259/10256</identifier><datestamp>2025-02-27T01:05:30Z</datestamp><setSpec>com_10259_6171</setSpec><setSpec>com_10259_5086</setSpec><setSpec>com_10259_2604</setSpec><setSpec>col_10259_7105</setSpec></header><metadata><record xmlns="http://www.loc.gov/MARC21/slim" xmlns:doc="http://www.lyncode.com/xoai" xmlns:xsi="http://www.w3.org/2001/XMLSchema-instance" xmlns:dcterms="http://purl.org/dc/terms/" xsi:schemaLocation="http://www.loc.gov/MARC21/slim http://www.loc.gov/standards/marcxml/schema/MARC21slim.xsd">
<leader>00925njm 22002777a 4500</leader>
<datafield tag="042" ind1=" " ind2=" ">
<subfield code="a">dc</subfield>
</datafield>
<datafield tag="720" ind1=" " ind2=" ">
<subfield code="a">Ortega López, Vanesa</subfield>
<subfield code="e">author</subfield>
</datafield>
<datafield tag="720" ind1=" " ind2=" ">
<subfield code="a">Manso Morato, Javier</subfield>
<subfield code="e">author</subfield>
</datafield>
<datafield tag="720" ind1=" " ind2=" ">
<subfield code="a">García Llona, Aratz</subfield>
<subfield code="e">author</subfield>
</datafield>
<datafield tag="720" ind1=" " ind2=" ">
<subfield code="a">Santamaría, Amaia</subfield>
<subfield code="e">author</subfield>
</datafield>
<datafield tag="720" ind1=" " ind2=" ">
<subfield code="a">Espinosa González, Ana Belén</subfield>
<subfield code="e">author</subfield>
</datafield>
<datafield tag="720" ind1=" " ind2=" ">
<subfield code="a">Serrano López, Roberto</subfield>
<subfield code="e">author</subfield>
</datafield>
<datafield tag="720" ind1=" " ind2=" ">
<subfield code="a">Faleschini, Flora</subfield>
<subfield code="e">author</subfield>
</datafield>
<datafield tag="260" ind1=" " ind2=" ">
<subfield code="c">2023-06</subfield>
</datafield>
<datafield tag="520" ind1=" " ind2=" ">
<subfield code="a">It is well known that the construction industry generates a huge amount of CO2 emissions into the atmosphere, mainly emitted during the manufacture of cement and the exploitation of quarries for aggregate production. On the other hand, steelmaking industry landfills millions of tons of waste (slag) that can be reused as raw materials in innovative processes. For these reasons, in order to preserve natural resources and improve the sustainability of concrete manufacturing, this paper addresses the design and behavior of high-workability and fiber-reinforced concrete, produced with electric arc furnace slag in substitution to aggregates and with cement that contains ground granulated blast furnace slag and/or ladle furnace slag as supplementary cementitious materials. The main in-fresh, mechanical and durability properties were experimentally evaluated, which showed good performance results in all the cases. Good adhesion between fibers, aggregates and cementitious matrix within the concrete specimens was also observed. Furthermore, these sustainable concretes reached self-compactability, which enable an energy-saving placement and its use in a wide range of building applications, thus contributing to the circular economy in the construction sector.</subfield>
</datafield>
<datafield tag="024" ind2=" " ind1="8">
<subfield code="a">978-3-031-32518-2</subfield>
</datafield>
<datafield tag="024" ind2=" " ind1="8">
<subfield code="a">2366-2557</subfield>
</datafield>
<datafield tag="024" ind2=" " ind1="8">
<subfield code="a">http://hdl.handle.net/10259/10256</subfield>
</datafield>
<datafield tag="024" ind2=" " ind1="8">
<subfield code="a">10.1007/978-3-031-32519-9</subfield>
</datafield>
<datafield tag="024" ind2=" " ind1="8">
<subfield code="a">2366-2565</subfield>
</datafield>
<datafield ind1=" " ind2=" " tag="653">
<subfield code="a">Electric Arc Furnace Slag</subfield>
</datafield>
<datafield ind1=" " ind2=" " tag="653">
<subfield code="a">Ground granulated blast furnace slag</subfield>
</datafield>
<datafield ind1=" " ind2=" " tag="653">
<subfield code="a">Ladle furnace slag</subfield>
</datafield>
<datafield ind1=" " ind2=" " tag="653">
<subfield code="a">Supplementary cementitious material</subfield>
</datafield>
<datafield ind1=" " ind2=" " tag="653">
<subfield code="a">Fiber-reinforced concrete</subfield>
</datafield>
<datafield ind1=" " ind2=" " tag="653">
<subfield code="a">Self-compacting concrete</subfield>
</datafield>
<datafield tag="245" ind1="0" ind2="0">
<subfield code="a">Performance of Fiber-Reinforced Sustainable Concretes Manufactured with Aggregate and Binder from Steelmaking Slag</subfield>
</datafield>
</record></metadata></record></GetRecord></OAI-PMH>